| 000 | 00453nam a2200121Ia 4500 | ||
|---|---|---|---|
| 008 | 170224s9999 xx 000 0 und d | ||
| 245 | _aCANS Special Section: SMART Designs for Family Intervention Research Across the Lifespan: Integration of biomarkers to advance precision nursing interventions for family research across the life span | ||
| 260 | _bNursing Outlook | ||
| 260 | _c2016 | ||
| 300 | _a64:4 | ||
| 500 | _aJuly-August | ||
| 650 | _xNursing. | ||
| 999 |
_c317024 _d317024 |
||